000 00616cam a22002293a 4500
001 18984
003 PGUSA
005 20140828083413.0
008 060803s2006||||xxu|||||s|||||000 1 eng d
040 _aPGUSA
_beng
042 _adc
050 4 _aPS
100 1 _aRead, Opie Percival,
_d1852-1939
245 1 4 _aThe Starbucks
_h[electronic resource] /
_cOpie Percival Read
260 _bProject Gutenberg,
_c2006
506 _aPublic domain in the USA.
516 _aElectronic text
653 _aFiction
830 0 _aProject Gutenberg
_v18984
856 4 0 _uhttp://www.gutenberg.org/ebooks/18984
942 _cEB
999 _c248239
_d248239